Normal view
MARC view
Entry Topical Term
001 - CONTROL NUMBER
- control field: 268043
003 - CONTROL NUMBER IDENTIFIER
- control field:
005 - DATE AND TIME OF LATEST TRANSACTION
- control field: 20210601210642.0
008 - FIXED-LENGTH DATA ELEMENTS
- fixed length control field: 210601|| aca||aabn | a|a d
040 ## - CATALOGING SOURCE
- Original cataloging agency:
- Transcribing agency:
150 ## - HEADING--TOPICAL TERM
- Topical term or geographic name entry element: Kings and rulers
- Geographic subdivision: Bhopal
- General subdivision: Biography
670 ## - SOURCE DATA FOUND
- Source citation: Work cat.: (): Sultan Jahan Begam, Nawab 268041, Hayat-I-Qudsi :, 1918
